Devlopment and Characterization of Biomedical Textile through Layer by Layer Deposition of Erythromycin Loaded Antibacterial Nanoparticles / (Record no. 524415)
[ view plain ]
| 000 -LEADER | |
|---|---|
| fixed length control field | 00616nam a22001817a 4500 |
| 003 - CONTROL NUMBER IDENTIFIER | |
| control field | NUST |
| 005 - DATE AND TIME OF LATEST TRANSACTION | |
| control field | 20240213111255.0 |
| 008 - FIXED-LENGTH DATA ELEMENTS--GENERAL INFORMATION | |
| fixed length control field | 190621b ||||| |||| 00| 0 eng d |
| 038 ## - RECORD CONTENT LICENSOR | |
| Staff Name | Mr.Noman |
| 082 ## - DEWEY DECIMAL CLASSIFICATION NUMBER | |
| Classification number | 610.28 |
| 100 ## - MAIN ENTRY--PERSONAL NAME | |
| Personal name | Misbah Nazir |
| 9 (RLIN) | 15237 |
| 245 ## - TITLE STATEMENT | |
| Title | Devlopment and Characterization of Biomedical Textile through Layer by Layer Deposition of Erythromycin Loaded Antibacterial Nanoparticles / |
| Statement of responsibility, etc. | Misbah Nazir |
| 260 ## - PUBLICATION, DISTRIBUTION, ETC. | |
| Place of publication, distribution, etc. | Islamabad |
| Name of publisher, distributor, etc. | SMME Nust |
| Date of publication, distribution, etc. | 2016 |
| 300 ## - PHYSICAL DESCRIPTION | |
| Extent | 58p. |
| Dimensions | 30cm |
| 700 ## - ADDED ENTRY--PERSONAL NAME | |
| Personal name | Dr Nasir M. Ahmad |
| 9 (RLIN) | 28507 |
| 856 ## - ELECTRONIC LOCATION AND ACCESS | |
| Uniform Resource Identifier | <a href="http://10.250.8.41:8080/xmlui/handle/123456789/6603">http://10.250.8.41:8080/xmlui/handle/123456789/6603</a> |
| 942 ## - ADDED ENTRY ELEMENTS (KOHA) | |
| Source of classification or shelving scheme | |
| Koha item type | Thesis |
| Withdrawn status | Lost status | Source of classification or shelving scheme | Damaged status | Not for loan | Permanent Location | Current Location | Shelving location | Date acquired | Full call number | Barcode | Date last seen | Price effective from | Koha item type |
|---|---|---|---|---|---|---|---|---|---|---|---|---|---|
| Central Library (CL) | Central Library (CL) | Thesis | 06/21/2019 | 610.28 | CL-T-1729 | 06/21/2019 | 06/21/2019 | Thesis |
